Super Smash Bros. Fighters #28E - The Dark Pit Quiz - Statistics

General Stats
  • This quiz has been taken 195 times
    192 since last reset
  • The average score is 7 of 11
Answer Stats
Question Answer % Correct
In Smash Bros, Dark Pit is an echo fighter of what character? Pit
99%
What year did that game release? 2013
91%
So far, Dark Pit’s only non-Smash appearance is in what game? Kid Icarus: Uprising
91%
What other Smash 4 character was demoted to echo fighter in Smash Ultimate? Lucina
87%
By what nickname do other characters refer to Dark Pit? Pittoo
75%
Dark Pit, in his franchise, was created by what object? Mirror of Truth
72%
What weapon does Dark Pit use that is named after him? Dark Pit {Staff}
62%
What is Dark Pit’s Japanese name? Black Pit
51%
Dark Pit was able to fly on his own by using who’s powers for most of the campaign of his debut game? Pandora
46%
Dark Pit was based off of Pit’s black costume in Brawl. What did Sakurai nickname the costume? Fallen Angel
31%
According to Palutena’s Guidance, Dark Pit is an officer of what? Forces of Nature
27%
No matching quizzes found
Score Distribution
Percent of People with Each Score
Percentile by Number Answered
Your Score History
You have not taken this quiz since the last reset